Statistics for Finish the Great Songs! (Part 10)

Click here to take the quiz!

General Stats

  • This quiz has been taken 377 times
  • The average score is 7 of 15

Answer Stats

HintAnswer% Correct
(Dolly Parton) 9 to5
83%
(Alicia Keys) Girl On ?Fire
80%
(A-ha) ? On MeTake
77%
(Sinead O'Connor) Nothing ? 2 UCompares
64%
(The Human League) Don't You ? MeWant
63%
(Sum 41) In ? DeepToo
56%
(Bonnie Tyler) I Need A ?Hero
53%
(Fun) Some ?Nights
50%
(The Trammps) ? InfernoDisco
42%
(A Great Big World) Say ?Something
38%
(Twisted Sister) I Wanna ?Rock
32%
(Ne-Yo) Miss ?Independent
26%
(Gorgon City) ? For Your LoveReady
10%
(Enrique Iglesias) I'm A ?Freak
8%
(Meridian Dan) German ?Whip
3%

Score Distribution

Percentile by Number Answered

Percent of People with Each Score

Your Score History

You have not taken this quiz